| Registos Bibliográficos associados ao registo de autoridade |
|
Etiqueta de registo: 00754nam 2200277 450 001 2266675 003 http://id.bnportugal.gov.pt/bib/catbnp/2266675 010 ## $a978-989-33-7946-2 021 ## $aPT$b553402/25 100 ## $a20260213d2025 m y0pory01030103ba 101 1# $apor$bfre$ctib 102 ## $aPT 105 ## $aa z 000yb 106 ## $ar 200 1# $aAmanhecer da confiança$e os feitos de Buda$fJetsun Taranatha$gtrad. Rui Lopo 205 ## $a1ª ed 210 #9 $aLisboa$c Songtsen - Casa da Cultura do Tibete,$d2025 215 ## $a501p.$d24 cm 304 ## $aTít. orig.: Bcom idan 'das thub pa'i... 600 #1 $aBuda,$fca. 566-ca. 486 a. C.$j[Biografias]$2SIPOR$381581 675 ## $a24-312Buda$vBN$zpor$31379687 700 #1 $aTaranatha,$bJetsun,$cpseud.$31985462 702 #1 $92$aLopo,$bRui$4730$31838047 801 #0 $aPT$bBN$gRPC 900 ## $aBIBNAC$d20260304 966 ## $lBN$mFGMON$sR. 33342 V.$x1 966 ## $lBN$mFGMON$sR. 33342 V.-D$x1 971 ## $ccsilva$d20260213 972 ## $e0$z0$d20260304$vasantos 973 ## $cigoulao$d20260219 975 ## $e0$d20260310$viquintas
|
|
|